000 01050nam a22002537a 4500
005 20240530110548.0
008 160208s2013 ua g b 000 0 ara d
017 _a2012/11496
_bمصر . دار الكتب المصرية
020 _a979771027997
040 _aEG-CaGPL
082 0 4 _221
_a341.522\
_bأ ض
100 0 _aابراهيم عبدالمنعم الشواربى
245 1 0 _aضوابط تنفيذ احكام المحكمين الاجنبية و الوطنية :
_bوفقا للقوانين الاجرائية - بين النظرية و التطبيق /
_cابراهيم عبدالمنعم الشواربى
250 _aط1
260 _aالقاهرة :
_bدار الفكر العربى ،
_c2013 .
300 _a424 ص ؛
_c24 سم .
504 _aببليوجرافية : ص 413 - 415
650 0 4 _aالمحاكم الدولية
650 0 4 _aالمحاكم
_zمصر
650 0 4 _aالاحكام القضائية
650 0 4 _aتنفيذ الاحكام
942 _2ddc
_cBK
999 _c62396
_d62396